Normal view
MARC view
- Chapman,C
Entry Personal Name
001 - CONTROL NUMBER
- control field: 679
003 - CONTROL NUMBER IDENTIFIER
- control field: OSt
005 - DATE AND TIME OF LATEST TRANSACTION
- control field: 20160629155000.0
008 - FIXED-LENGTH DATA ELEMENTS
- fixed length control field: 160629|| aca||aabn | a|a d
040 ## - CATALOGING SOURCE
- Original cataloging agency: OSt
- Transcribing agency: OSt
100 ## - HEADING--PERSONAL NAME
- Personal name: Chapman,C
670 ## - SOURCE DATA FOUND
- Source citation: Work cat.: (OSt): Critchley,Will 677, Water Harvesting: A Manual for the Design and Construction of Water Harvesting Schemes for Plant Production, 2013
